000 00255nam a2200085Ia 4500
008 170620s9999 xx 000 0 und d
100 _aRani- N. Usha
245 0 _aEducational Television in India- Challenges and Issues
260 _bNew Delhi- Discovery Publishing House
260 _c2005
999 _c24350
_d24350